00471nam a2200181 a 4500001001300000003000900013005001700022008004100039020001000080082001300090100002200103245005600125260002900181300000900210500003500219650001300254700002200267nice12345678IN_TiNIC20260116015400.0111205s2010 bana grp 000 0 eng  ac10000a230bRAJ aRajkumar, Vincent aChristian Theologizing and Social Thinking in India aBangalore bCISRS c2010 a105p aincludes index and biblioraphy aTheology1 aRajkumar, Vincent